South Eastern Kenya University

Library Online Public Access Catalogue


License to grow : (Record no. 304)

MARC details
000 -LEADER
fixed length control field 00609cam a2200169 i 4500
020 ## - INTERNATIONAL STANDARD BOOK NUMBER
International Standard Book Number 9789086595419 (pbk)
050 00 - LIBRARY OF CONGRESS CALL NUMBER
Classification number HC79
Item number .R43 2011
100 1# - MAIN ENTRY--PERSONAL NAME
Personal name Regeer, Barbara.
245 10 - TITLE STATEMENT
Title License to grow :
Remainder of title innovating sustainable development by connecting values : an insight in the connected value development approach for wicked problems /
Statement of responsibility, etc. Barbara Regeer, Sander Mager, Yvonne van Oorsouw.
300 ## - PHYSICAL DESCRIPTION
Extent 275 pages :
500 ## - GENERAL NOTE
General note "TransForum & Athena Institute."
650 #0 - SUBJECT ADDED ENTRY--TOPICAL TERM
General subdivision Environmental aspects.
650 #0 - SUBJECT ADDED ENTRY--TOPICAL TERM
General subdivision Social aspects.
700 1# - ADDED ENTRY--PERSONAL NAME
Personal name Mager, Sander.
700 1# - ADDED ENTRY--PERSONAL NAME
Personal name Oorsouw, Yvonne van.
942 ## - ADDED ENTRY ELEMENTS (KOHA)
Koha item type General circulation
Holdings
Withdrawn status Lost status Source of classification or shelving scheme Damaged status Not for loan Home library Current library Shelving location Date acquired Total Checkouts Full call number Barcode Date last seen Koha item type Public note
    Library of Congress Classification     Main Campus Library Main Campus Library General Stacks 13/05/2014   HC 79 .R4 2017/020071 13/05/2014 General circulation  
    Library of Congress Classification     Main Campus Library Main Campus Library General Stacks 13/05/2014   HC 79 .R4 2015/001286 13/05/2014 General circulation  
    Library of Congress Classification     Main Campus Library Main Campus Library General Stacks 11/09/2014   HC 79 .R4 2015/001285 11/09/2014 General circulation kim
Kitui, Kenya.
+254736116989
library@seku.ac.ke